000 01492nam a2200325 i 4500
001 195061
003 ES-MaACL
005 20250831121529.0
008 240527b sp ||||| |||| 00| 0 spa d
020 _a9788412854114
040 _bspa
_cES-MaACL
100 _aGamero Contín, Heberto,
_d1952-
_9236682
_eaut
245 _aLa cita real :
_bJosé Heriberto García de Quevedo, un poeta olvidado /
_cHeberto Gamero Contín
250 _aPrimera edición
260 _aAlcobendas (Madrid) :
_bKálathos ediciones,
_c[2024]
300 _a199 páginas ;
_c22 cm
336 _2rdacontent
_atexto
337 _2rdamedia
_asin mediación
338 _2rdacarrier
_avolumen
520 _aBasada en hechos reales, La Cita Real narra los últimos días del poeta, su incondicional apoyo a la monarquía, su amistad con la reina de España y la ilusión de un último encuentro con su majestad.
600 1 4 _aGarcía de Quevedo, José Heriberto,
_d1819-1871
_954492
655 7 _2tgfbne
_9234409
_aNovelas biográficas
852 _aES-MaACL
_cDEPOJ
_jN-9958
_gDedicatoria autógrafa del autor
_hDonación: Heberto Gamero Contín
_xEncuadernación rústica con solapas
_9205868
903 _9236682
_aGamero Contín, Heberto,
_d1952-
_ednr
942 _cMONOGRAFIA
_n0
999 _c195061
_d195061